Estatísticas para Top 4 da Copa Sul-Americana

Clique aqui para jogar o quiz

Estatísticas Gerais

  • Esse quiz foi jogado 189 vezes
    (83 desde o último reset)
  • A pontuação média é 33 de 51

Estatísticas das Respostas

Ano% Correto
São Paulo
98%
Corinthians
97%
Internacional
97%
Flamengo
95%
Independiente
95%
LDU Quito
95%
River Plate
95%
Boca Juniors
92%
Fluminense
91%
Fortaleza
91%
Athletico Paranaense
89%
Atlético Nacional
89%
Atlético Mineiro
88%
Palmeiras
88%
Chapecoense
85%
Goiás
82%
América MX
80%
Peñarol
80%
Vasco da Gama
80%
Colo-Colo
78%
Estudiantes
78%
Ponte Preta
77%
San Lorenzo
77%
Independiente del Valle
74%
Nacional
74%
Bragantino
71%
Lanús
68%
Universidad Católica
68%
Vélez Sarsfield
68%
Tigre
65%
Defensa Y Justicia
60%
Bolívar
55%
Universidad de Chile
55%
Cerro Porteño
51%
Atlético Goianiense
49%
Junior
49%
Argentinos Juniors
48%
Cienciano
48%
Guadalajara
46%
Santa Fe
45%
Arsenal de Sarandí
40%
Libertad
40%
Pachuca
38%
Colón
37%
Huracán
35%
Millonarios
35%
Pumas
25%
Melgar
22%
Coquimbo Unido
20%
Toluca
15%
Sportivo Luqueño
14%

Distribuição das Pontuações

Percentil de Números Respondidos

Porcentagem de Pessoas com Cada Pontuação

Sua Pontuação Histórica

Você não jogou esse quiz desde o último reset